Zmeny v novom zákone o štatutárnom audite

Pokračovanie príspevku z predchádzajúceho čísla. Zmeny, úpravy a doplnenia v zákone č. 423/2015 Z. z. o štatutárnom audite a o zmene a doplnení zákona č. 431/2002 Z. z. o účtovníctve v z. n. p. oproti zákonu č. 540/2007 Z. z. o audite, audítoroch a dohľade nad výkonom auditu a o zmene a doplnení zá...

Descripción completa

Guardado en:
Detalles Bibliográficos
Autor principal: Vršková, Jana
Formato: Capítulo de libro
Lenguaje:eslovaco
Materias:
Etiquetas: Agregar Etiqueta
Sin Etiquetas, Sea el primero en etiquetar este registro!

MARC

LEADER 00000naa a2200000 4500
001 0222157
005 20231208091620.0
041 0 |a slo 
044 |a SK 
245 1 0 |a Zmeny v novom zákone o štatutárnom audite  |c Jana Vršková 
520 |a Pokračovanie príspevku z predchádzajúceho čísla. Zmeny, úpravy a doplnenia v zákone č. 423/2015 Z. z. o štatutárnom audite a o zmene a doplnení zákona č. 431/2002 Z. z. o účtovníctve v z. n. p. oproti zákonu č. 540/2007 Z. z. o audite, audítoroch a dohľade nad výkonom auditu a o zmene a doplnení zákona č. 431/2002 Z. z. o účtovníctve v z. n. p. Ilustračné príklady. 
610 2 0 |a Slovensko 
610 2 0 |a zákony 
610 2 0 |a audit 
610 2 0 |a revízia účtovná 
100 1 |a Vršková, Jana